| 000 | 01365nam a2200325 a 4500 | ||
|---|---|---|---|
| 001 | 18041 | ||
| 003 | BD-RjUL | ||
| 005 | 20211209000229.0 | ||
| 008 | 140219s1987 enk bd 000 0deng | ||
| 020 | _a0198661401 | ||
| 035 | _a(BD-RjUL)18099 | ||
| 040 |
_aDLC _cDLC _dBD-RjUL _beng |
||
| 041 | _aeng | ||
| 082 | 0 | 0 |
_a820.3 _220 _bCON 1987 |
| 245 | 1 | 4 |
_aThe concise Oxford companion to English literature / _cedited by Margaret Drabble and Jenny Stringer. |
| 260 |
_aNew York : _bOxford University Press, _cc1987. |
||
| 300 |
_avi, 631 p. ; _c24 cm. |
||
| 500 | _aAn abridgement of the 5th ed. of The Oxford companion to English literature. | ||
| 650 | 0 |
_aEnglish literature _vEncyclopedias. _955592 |
|
| 650 | 0 |
_aEnglish literature _xBio-bibliography _vEncyclopedias. _955593 |
|
| 651 | 0 |
_aEnglish-speaking countries _xIntellectual life _xEncyclopedias. _955594 |
|
| 651 | 0 |
_aEnglish-speaking countries _xIn literature _xEncyclopedias. _955595 |
|
| 700 | 1 |
_aDrabble, Margaret _955596 |
|
| 700 | 1 |
_aStringer, Jenny. _d1939- _tOxford companion to English literature. _955597 |
|
| 856 | 4 | 2 |
_3Publisher description _uhttp://www.loc.gov/catdir/enhancements/fy0637/87001595-d.html |
| 856 | 4 | 2 |
_3Contributor biographical information _uhttp://www.loc.gov/catdir/enhancements/fy0724/87001595-b.html |
| 942 |
_2ddc _cBK |
||
| 999 |
_c18041 _d18041 |
||